000 00856nam a2200241Ia 4500
003 OSt
005 20220923220446.0
006 a|||||r|||| 00| 0
007 ta
008 220922b |||||||| |||| 00| 0 hin d
024 _a186,763
037 _cTextual
040 _aARTS
_cARTS
_bhin
041 _2hin
_ahin
082 _aX:3Mv2.N, 152L7;N8-;2
100 _aबिपन चंद्र
245 0 _aभारत में आर्थिक राष्ट्रवाद का उद्भव और विकास
246 _aBhārat mean ārthik rāṣhṭravād kā udbhav aur vikāsa
260 _aदिल्ली
_b अनामिका प्रकाशन
_c1998
300 _a701 पृ.
_ccm.
942 _hX:3Mv2.N, 152L7;N8-;2
_cTEXL
_2CC
999 _c340006
_d340006